[Event "Sautron op 13th"]
[Site "Sautron"]
[Date "2013.11.01"]
[Round "8"]
[White "Koziak, Vitali"]
[Black "Riff, Jean Noel"]
[Result "0-1"]
[WhiteElo "2481"]
[BlackElo "2445"]
[Annotator "Primel,D"]
[PlyCount "118"]
[EventDate "2013.10.26"]
[EventType "swiss"]
[EventRounds "9"]
[EventCountry "FRA"]
[SourceTitle "EXT 2016"]
[Source "ChessBase"]
[SourceDate "2015.10.08"]
[SourceVersion "1"]
[SourceVersionDate "2015.10.08"]
[SourceQuality "1"]
[TimeControl "40/5400+30:1800+30"]
[WhiteClock "1:30:00"]
[BlackClock "1:30:00"]

1. Nf3 {[%emt 0:00:00]} c5 {[%emt 0:04:16]} 2. c4 {[%emt 0:00:29]} Nc6 {
[%emt 0:00:05]} 3. d4 {[%emt 0:00:21]} cxd4 {[%emt 0:00:11]} 4. Nxd4 {[%emt 0:
00:04]} Nf6 {[%emt 0:00:06]} 5. g3 {[%emt 0:02:27]} (5. Nc3) 5... e5 {[%emt 0:
00:07]} (5... e6) 6. Nb5 {[%emt 0:00:59]} (6. Nc2) 6... Bb4+ {[%emt 0:00:02]}
7. N1c3 {[%emt 0:06:49]} (7. Bd2 a6 8. N5c3 d5 9. cxd5 Nxd5 10. Bg2 Be6 11. O-O
Nb6 12. Be3 Nc4 13. Qc1 O-O 14. Rd1 Qc7 15. a3 Nxe3 16. Qxe3 Ba5 17. Nd2 Bb6
18. Qf3 Rad8 19. Na4 Ba7 20. Qc3 Rd4 21. Qc2 f5 22. e3 Rdd8 23. b4 e4 24. Nb3
Qf7 25. Nbc5 Bd5 26. Rd2 b6 27. Rxd5 Rxd5 28. Nxa6 Ne5 29. Rd1 Rfd8 30. Rxd5
Qxd5 31. Nb2 Qd2 32. Qc7 Ng4 {0-1 (32) Aronian,L (2815)-Nakamura,H (2760)
London 2012}) 7... d6 {[%emt 0:00:17]} 8. Bg2 {[%emt 0:25:17]} a6 {[%emt 0:00:
28]} 9. Na3 {[%emt 0:00:20]} Bxc3+ {[%emt 0:00:10]} 10. bxc3 {[%emt 0:00:05]}
O-O {[%emt 0:01:53]} 11. O-O {[%emt 0:06:34]} Qc7 $132 {[%emt 0:12:40][%csl
Ra3,Rc4] La paire de B ne compense pas forcément la mauvaise structure des
Blancs à l'aile-dame} 12. Bg5 $146 {[%emt 0:05:01]} (12. Nc2 Be6 13. Ne3 e4
14. Ba3 Rfd8 15. Qc2 Ne5 16. Bxe4 Nxe4 17. Qxe4 Nxc4 18. Nxc4 Bxc4 19. Rfd1 d5
20. Qc2 Re8 21. e3 Re6 22. Rd2 Rae8 23. Rad1 Rb6 24. Qf5 Rf6 25. Qc2 Qc8 26.
Rd4 Rh6 27. e4 Rhe6 28. f3 h6 29. Bc1 dxe4 30. fxe4 Qc6 31. Bf4 Rxe4 32. Rxe4
Rxe4 33. Rd8+ Re8 34. Qd2 Qc5+ {0-1 (34) Kojima,S (2282)-Dominguez Perez,L 
(2725) Istanbul 2012}) 12... Nd7 {[%emt 0:01:12][%cal Gd7c5,Gd7b6]} 13. Qd2 {
[%emt 0:04:35]} h6 $1 {[%emt 0:03:11]} (13... Nc5 14. Rad1 Be6 (14... Ne6)) 14.
Be3 {[%emt 0:04:30]} Ne7 {[%emt 0:01:00]} 15. Nc2 {[%emt 0:16:43][%cal Gc2b4,
Gb4d5]} Nf5 {[%emt 0:04:20]} (15... Qxc4 $143 16. Qxd6) 16. Nb4 {[%emt 0:01:14]
} Nf6 {[%emt 0:00:36]} 17. Nd5 $36 {[%emt 0:05:40][%csl Ra8,Rb6]} Nxd5 {
[%emt 0:00:16] Echange la seule pièce active des Blancs} 18. Bxd5 {[%emt 0:02:
28]} Be6 {[%emt 0:03:23]} 19. Rab1 {[%emt 0:03:29]} Nxe3 {[%emt 0:03:55]} 20.
Qxe3 {[%emt 0:00:58]} (20. Rxb7 Nxf1) 20... Bxd5 $1 {[%emt 0:00:17]} 21. cxd5 {
[%emt 0:00:01]} b5 $15 {[%emt 0:00:08][%csl Rc3][%cal Gf7f5] Non seulement,
les Blancs n'ont rien obtenu de la paire de B mais ils rentrent dans une
finale assez pénible à jouer.} 22. a4 $1 {[%emt 0:02:16]} bxa4 {[%emt 0:02:
35]} 23. Rb4 {[%emt 0:01:14]} Qa5 {[%emt 0:01:30][%cal Ga5a4,Ga5d5]} 24. Ra1 {
[%emt 0:01:16]} (24. Qe4 f5) 24... Qxd5 {[%emt 0:00:08]} 25. Rbxa4 {[%emt 0:00:
50]} a5 {[%emt 0:00:25][%csl Ga5]} 26. c4 {[%emt 0:00:49]} Qc6 {[%emt 0:00:08]}
27. Rxa5 {[%emt 0:01:05]} Rxa5 {[%emt 0:00:04]} 28. Rxa5 {[%emt 0:00:04]} Qxc4
{[%emt 0:00:04] Difficile pour les Noirs de valoriser le P avec si peu de
pièces} 29. Qd3 $6 {[%emt 0:03:52] Non seulement, les Blancs auront une
faiblesse supplémentaire mais il y avait probablement plus de chances
d'annuler en gardant les Q} Qxd3 {[%emt 0:02:12]} 30. exd3 {[%emt 0:00:02]} Rd8
$15 {[%emt 0:00:06]} 31. Kg2 {[%emt 0:01:08]} Kf8 {[%emt 0:00:04]} 32. d4 {
[%emt 0:00:59]} exd4 {[%emt 0:01:31]} 33. Rd5 {[%emt 0:00:22]} Ke7 {[%emt 0:00:
03]} 34. Rxd4 {[%emt 0:00:07]} Ke6 {[%emt 0:00:08]} 35. Re4+ {[%emt 0:00:06]}
Kd7 {[%emt 0:00:48]} 36. h4 {[%emt 0:02:01]} Re8 {[%emt 0:00:04]} 37. Rg4 {
[%emt 0:00:45]} g6 {[%emt 0:00:06]} 38. Rf4 {[%emt 0:00:15]} (38. h5 $5 g5 39.
Ra4 {[%csl Rd6,Rd7,Rf7,Rh6]}) 38... Ke7 $1 {[%emt 0:01:07][%cal Ge7f8,Gf8g7,
Gg7f6]} 39. Re4+ {[%emt 0:02:32]} Kf8 {[%emt 0:00:08]} 40. Ra4 {[%emt 0:00:00]}
Kg7 {[%emt 0:00:00]} 41. Rd4 {[%emt 0:03:22]} Re6 {[%emt 0:06:57]} 42. Kf3 {
[%emt 0:04:42][%csl Re6] La Re6 est assez mal placée et les Blancs ont encore
des chances de nulle} Kf6 {[%emt 0:00:20][%cal Gf6e7] Première étape du plan
Noir: libérer la Re6 de la défense du Pd6} 43. Rd5 {[%emt 0:00:53]} Ke7 {
[%emt 0:00:23][%cal Ge6e5,Ge7e6]} 44. Ra5 {[%emt 0:00:18]} Re5 {[%emt 0:00:08]}
45. Ra7+ {[%emt 0:01:11]} Ke6 $17 {[%emt 0:00:41] Les Noirs commencent à
progresser} 46. Ra6 {[%emt 0:00:32]} h5 {[%emt 0:01:05]} 47. Kf4 {[%emt 0:00:
50]} f6 {[%emt 0:00:53][%csl Gf5,Gg5]} 48. Ra8 {[%emt 0:04:28]} g5+ $1 {
[%emt 0:00:32][%cal Gh5h1]} 49. hxg5 {[%emt 0:00:54]} fxg5+ {[%emt 0:00:08]}
50. Kf3 {[%emt 0:00:02]} d5 {[%emt 0:02:33]} 51. Ra6+ {[%emt 0:06:53]} Kf5 {
[%emt 0:00:22][%csl Gd5,Rf3,Gf5,Gh5] Les noirs ont maintenant d'excellentes
chances de gain} 52. Ra4 {[%emt 0:04:18]} Re4 {[%emt 0:02:06]} 53. Ra8 {
[%emt 0:01:41]} Ke5 {[%emt 0:00:06]} 54. Rh8 {[%emt 0:02:36]} Kd4 $1 {[%emt 0:
01:06]} 55. Rxh5 {[%emt 0:01:22]} g4+ {[%emt 0:00:03]} 56. Kg2 {[%emt 0:00:02]}
Kc4 $19 {[%emt 0:00:04][%csl Rg2][%cal Gd5d1] Le K Blanc est coupé} 57. Rh8 {
[%emt 0:03:25]} d4 {[%emt 0:00:52]} 58. Rc8+ {[%emt 0:00:14]} Kd3 {[%emt 0:01:
22]} 59. Rd8 $2 {[%emt 0:02:47]} Ke2 {[%emt 0:00:40]} 0-1

[Event "Vaujany op 5th"]
[Site "Vaujany"]
[Date "2014.07.15"]
[Round "6.4"]
[White "Filip, Lucian"]
[Black "Petre, Nad Titus"]
[Result "1/2-1/2"]
[WhiteElo "2461"]
[BlackElo "2371"]
[Annotator "RR"]
[PlyCount "63"]
[EventDate "2014.07.10"]
[EventType "swiss"]
[EventRounds "9"]
[EventCountry "FRA"]
[SourceTitle "EXT 2017"]
[Source "ChessBase"]
[SourceDate "2016.10.25"]
[SourceVersion "1"]
[SourceVersionDate "2016.10.25"]
[SourceQuality "1"]

1. Nf3 c5 2. c4 Nf6 3. d4 cxd4 4. Nxd4 e6 5. Nc3 a6 (5... Bb4) 6. e4 Qc7 (6...
d6 7. Bd3 Be7 8. O-O O-O 9. b3 b6 10. Bb2 Bb7 11. f4 Nbd7 12. Qf3 Re8 (12... b5
$1 13. cxb5 axb5 14. Ndxb5 Nc5 15. Kh1 Qa5 $44 {Shipov})) 7. a3 {[%cal Gb2b4]
La ligne critique dans cette sicilienne Maroczy} (7. Be2 Bb4) 7... b6 8. Be3
Bb7 9. f3 Be7 (9... d6) 10. Be2 O-O 11. Rc1 (11. O-O d6 12. Qd2 Nbd7 13. Rfc1
$5 {[%cal Ga3a4,Gb2b4]} Rac8 14. b4 Qb8 15. Kh1 Rfe8 16. Rab1 (16. Bf1 Bd8 17.
Bg1 Bc7)) 11... d6 12. O-O Nbd7 13. Qd2 Rac8 14. Rfd1 Rfe8 15. Kh1 (15. Bf1 Qb8
16. b4 h5 17. h3 {1/2-1/2 (17) Hera,I (2565)-Markus,R (2625) Skopje 2011})
15... Qb8 16. Bf1 Bd8 {[%cal Gd8c7,Gc7h2] Le plan de Saemisch} 17. Bg1 (17. b4
Bc7 18. Nb3 {[%csl Gd5][%cal Gc4c5,Ge3g1]} d5 $13) 17... Bc7 18. Rc2 Ne5 (18...
Kh8 19. b4 Rg8 {[%cal Gg7g5,Gg5g4];Michiels,B (2376)-Drabke,L (2448) Stork
Young Masters 2003 (7) 1/2}) (18... h5 19. b4 $146 (19. Qf2 g6 {Siegel,G (2385)
-Milov,L (2510) Bern op 1994 (4) 0-1})) 19. b3 Rcd8 $146 (19... Qa8 20. b4 h5
21. Qf2 Ng6 22. Nb3 h4 23. Na4 h3 24. Nxb6 Nxe4 25. fxe4 Bxb6 26. Qxb6 Bxe4 27.
Rdd2 Nh4 28. Qd4 e5 29. Qc3 hxg2+ 30. Bxg2 Nxg2 31. Rxg2 Re6 32. c5 Rg6 33. Qb2
Qd5 34. Na5 dxc5 35. bxc5 Re8 36. h3 Qd8 37. Nc4 Qh4 38. Qc3 Rg3 39. Ne3 Rxh3+
40. Bh2 Rxh2+ {0-1 (40) Wagner,D (2481)-Okkes,M (2351) Hoogeveen 2013}) 20. Qc1
Qa8 21. Rcd2 Rc8 22. Rc2 (22. b4) 22... h6 23. Qb2 Qb8 24. b4 Bd8 $1 {[%csl
Rc4]} 25. Qb3 Ng6 $11 26. Na4 {[%cal Gc4c5]} Nd7 {[%csl Gc5]} 27. Rdc1 Be7 $1 {
[%csl Gc5] Surcontrolant la case sensible "c5"} 28. Qa2 Bg5 29. Rd1 Red8 {
Les deux camps ne progressent pas} 30. Rb1 Nge5 31. Qb3 Kh8 32. Be3 1/2-1/2

[Event "FRA-chT Top 12"]
[Site "Montpellier"]
[Date "2015.06.06"]
[Round "8.1"]
[White "Sasikiran, Krishnan"]
[Black "Fier, Alexandr"]
[Result "1/2-1/2"]
[WhiteElo "2642"]
[BlackElo "2632"]
[Annotator "RR"]
[PlyCount "94"]
[EventDate "2015.05.30"]
[EventType "team-tourn"]
[EventRounds "11"]
[EventCountry "FRA"]
[SourceTitle "CBM 166 Extra"]
[Source "ChessBase"]
[SourceDate "2015.06.18"]
[SourceVersion "1"]
[SourceVersionDate "2015.06.18"]
[SourceQuality "1"]
[WhiteTeam "Grasse Echecs"]
[BlackTeam "Montpellier"]
[WhiteTeamCountry "FRA"]
[BlackTeamCountry "FRA"]

1. d4 Nf6 2. Nf3 e6 3. c4 c5 4. Nc3 cxd4 5. Nxd4 a6 6. e4 Qc7 7. a3 b6 8. Be3
Bb7 9. f3 Be7 10. Rc1 d6 11. Be2 O-O 12. O-O Nbd7 13. Qd2 Rac8 14. b4 {[%cal
Gc4c5] La partie a transposé d'une Ouest-Indienne vers une sicilienne Maroczy}
Rfe8 15. Kh1 (15. Rfd1 Ne5 16. Na4 Nfd7 17. Bf1 Qb8 18. Kh1 h6 19. Qa2 Bd8 20.
Bg1 h5 21. h3 Ng6 22. c5 bxc5 23. bxc5 Nxc5 24. Nxc5 Rxc5 25. Rb1 Qc8 26. Qb3
Re7 27. Qa4 h4 28. Nb3 Rc6 29. Na5 Bxa5 30. Qxa5 e5 31. Rb6 Rd7 32. Rxc6 Qxc6
33. Be3 Qc2 34. Rc1 Qb3 35. Rc3 Qd1 36. Kg1 Nf4 37. Rc7 Ne2+ 38. Kf2 Ng3 39.
Rc1 Qb3 40. Bc4 Qb2+ 41. Kg1 Ne2+ 42. Bxe2 Qxe2 43. Bf2 d5 44. exd5 Rxd5 {
Kantans,T (2438)-Kveinys,A (2522) Tallinn 2015 1/2-1/2}) 15... Qb8 16. Rc2 Bd8
(16... Kh8 {[%cal Ge8g8]}) (16... Ne5 17. Na4 Nfd7 18. Rfc1 h5 19. Bg1 Ng6) (
16... Bf8 17. Rfc1 Ne5 18. Na4 Nfd7 19. Bg1 Ng6 20. Nxb6 $1 Nxb6 21. c5 dxc5
22. bxc5 Nd7 23. c6 $40) 17. Na4 Ne5 18. Bg1 h5 $5 $146 {[%cal Ge5g6,Gh5h4]} (
18... Bc7 19. Nb2 Ng6 20. Nd3 Nd7 21. Rb1 Qa8 22. Qc1 {1/2-1/2 (22) Meier,G 
(2506)-Eingorn,V (2588) France 2007}) 19. Bf2 Ng6 20. c5 (20. Rfc1) 20... b5
21. Nb6 Bxb6 22. cxb6 d5 23. Rxc8 Rxc8 24. e5 $5 Nxe5 25. Bg3 {[%cal Gd2e3]} h4
$1 26. Bxh4 Nc4 27. Bxc4 dxc4 {[%csl Gc4]} 28. Bg3 (28. Bxf6 gxf6 29. Qh6 (29.
Qf4)) 28... Qa8 29. Be5 Rd8 30. Bxf6 gxf6 31. Qf4 Rd5 32. Qxf6 Qd8 33. Qxd8+
Rxd8 34. Nc2 Rd2 35. Rc1 e5 $15 {[%csl Gb7,Gc4]} 36. Kg1 f6 (36... f5) 37. Ne1
Kf7 38. Rc2 Rd6 39. Kf2 Ke6 40. Ke2 Rxb6 41. Rd2 Bd5 42. Nc2 c3 43. Rd1 Bb3 44.
Rc1 Bc4+ 45. Ke1 Bd3 (45... Rd6 46. Ne3 Rd3) 46. Ne3 Rc6 47. Nd1 c2 1/2-1/2

[Event "Dortmund"]
[Site "Dortmund"]
[Date "1992.??.??"]
[Round "7"]
[White "Ivanchuk, Vassily"]
[Black "Adams, Michael"]
[Result "1-0"]
[WhiteElo "2720"]
[BlackElo "2620"]
[Annotator "Ribli,Z"]
[PlyCount "85"]
[EventDate "1992.04.16"]
[EventType "tourn"]
[EventRounds "9"]
[EventCountry "GER"]
[EventCategory "17"]
[SourceTitle "CBM 029"]
[Source "ChessBase"]
[SourceDate "1992.08.01"]
[SourceVersion "1"]
[SourceVersionDate "1992.08.01"]
[SourceQuality "1"]

1. d4 Nf6 2. c4 c5 3. Nf3 cxd4 4. Nxd4 b6 5. Nc3 Bb7 6. f3 d6 7. e4 e6 8. Be2
a6 $6 (8... Be7 9. O-O O-O 10. Be3 Nbd7 $6 11. a4 $5 (11. Qd2 a6 12. a4 $1 Qc7
13. a5 Rfe8 14. Rfc1 Rab8 15. Nd5 $1 exd5 16. cxd5 Qd8 17. Nc6 Bxc6 18. dxc6
Nc5 19. b4 $14 {Cvetkovic,S-Ilicnic,Z Vrnjacka Banja 1989 CBM/13}) 11... Nc5
12. b4 Ncd7 13. Nb3 (13. a5 $5) 13... d5 14. exd5 exd5 15. c5 a5 $13 {Belov,
I-Fischbein,A Moscow-A 1989 CBM/14}) 9. O-O Nbd7 $6 (9... Be7 10. Be3 O-O 11.
a4 (11. Qd2 $5) 11... Nc6 $1 12. Nxc6 Bxc6 13. Qb3 Rb8 14. Rfd1 Qc7 15. Rac1
Ba8 16. Rd2 Rfd8 17. Qd1 Nd7 $13 {Polgar,Zsu-Kudrin,S Salamanca 1989 CBM/13})
10. Be3 Be7 11. a4 $1 O-O 12. a5 bxa5 (12... d5 13. exd5 exd5 14. cxd5 Nxd5 15.
Nxd5 Bxd5 16. Nf5 $16 {Sher,B-Vegh,E Budapest Elekes CBM/14}) (12... Qc7 13.
Nb3 Rab8 14. Qd2 Rfe8 15. Rfc1 bxa5 16. Nxa5 Ba8 17. Na4 Nc5 18. Bf1 h6 19. Nc3
Nh7 20. b4 $1 Nd7 21. Nd5 $16 {Sher,M-Rajkovic,D Ptuj 1991 EXP/24}) 13. Nb3 Rb8
14. Nxa5 Ba8 15. Qd2 Qc7 16. Rfc1 Ne5 17. Na4 Bc6 18. b4 $14 Bxa4 19. Rxa4 Nfd7
20. Raa1 Rfc8 21. Nb3 Ra8 22. g3 h5 23. Kg2 Qb8 24. Rab1 Nf6 25. Nd4 Qb7 26. c5
$1 d5 27. Bf4 Ng6 28. e5 Ne8 29. Bd3 Nxf4+ 30. gxf4 $1 g6 31. Rc3 Nc7 32. Kh3
$1 Kh7 33. f5 $1 $16 exf5 34. Bxf5 Rg8 (34... gxf5 35. Nxf5 Bf8 36. Qg5 $18)
35. Bd7 Rad8 36. c6 Qb6 37. Rcc1 Rb8 38. Rg1 Nb5 39. Nf5 $1 gxf5 40. Bxf5+ Rg6
41. Qxd5 Rf8 42. e6 $1 Nd6 43. exf7 1-0

[Event "Biel Mixed"]
[Site "Biel"]
[Date "1991.??.??"]
[Round "11"]
[White "Hort, Vlastimil"]
[Black "Cramling, Pia"]
[Result "1/2-1/2"]
[WhiteElo "2545"]
[BlackElo "2485"]
[Annotator "Ribli,Z"]
[PlyCount "90"]
[EventDate "1991.07.??"]
[EventType "tourn"]
[EventRounds "11"]
[EventCountry "SUI"]
[EventCategory "9"]
[SourceTitle "CBM 025"]
[Source "ChessBase"]
[SourceDate "1991.12.01"]
[SourceVersion "1"]
[SourceVersionDate "1991.12.01"]
[SourceQuality "1"]

1. d4 Nf6 2. c4 c5 3. Nf3 cxd4 4. Nxd4 e5 5. Nb5 d5 6. cxd5 Bc5 7. N5c3 O-O 8.
a3 (8. e3 e4 9. Be2 Qe7 10. a3 a5 11. Nd2 Rd8 12. Qc2 Bf5 $44 {Sokolov,
A-Andrienko,A Jurmala 1991 CBM/24}) 8... a5 9. b3 (9. e3 e4 10. Nd2 Qe7 11. d6
Bxd6 12. Ndxe4 Nxe4 13. Nxe4 Rd8 14. Nxd6 Rxd6 15. Qc2 Nc6 $44 {
Palatnik-Kasparov 33/59}) 9... Na6 10. e3 e4 11. Bb2 Qe7 12. Nd2 Rd8 13. Qc2
Bf5 14. Be2 h5 15. Nc4 Nxd5 16. O-O Qg5 17. Rfd1 Nxc3 18. Qxc3 Bh3 19. Qxg7+ $1
Qxg7 20. Bxg7 Kxg7 21. gxh3 b6 22. Bxh5 Nc7 23. a4 Ne8 24. Bg4 Nd6 25. Rac1
Nxc4 26. Rxd8 Rxd8 27. Rxc4 Rd5 28. Be2 Rd2 29. Bg4 Rd5 30. Rc2 f5 31. Be2 Kf6
32. h4 Ke5 33. h5 Rd8 34. Bf1 Rd6 35. Bc4 Rd7 36. h3 Rh7 37. Be2 Rd7 38. Kg2
Rg7+ 39. Kf1 Rd7 40. Bb5 Rd8 41. Rc1 Rh8 42. Be2 Rd8 43. Rc3 Rd7 44. Rc1 Rd6
45. Rc2 Rd7 1/2-1/2

[Event "Altensteig"]
[Site "Altensteig"]
[Date "1991.??.??"]
[Round "3"]
[White "Schlosser, Philipp"]
[Black "Schmittdiel, Eckhard"]
[Result "1-0"]
[WhiteElo "2485"]
[BlackElo "2490"]
[Annotator "Ribli,Z"]
[PlyCount "187"]
[EventDate "1991.07.??"]
[EventType "tourn"]
[EventRounds "11"]
[EventCountry "GER"]
[EventCategory "11"]
[SourceTitle "CBM 025"]
[Source "ChessBase"]
[SourceDate "1991.12.01"]
[SourceVersion "1"]
[SourceVersionDate "1991.12.01"]
[SourceQuality "1"]

1. Nf3 c5 2. c4 Nc6 3. d4 cxd4 4. Nxd4 Nf6 5. Nc3 Qb6 6. Nb3 e6 7. a3 d5 8. Be3
Qd8 9. cxd5 {~/= A33} exd5 (9... Nxd5 10. Nxd5 exd5 11. g3 Be7 12. Bg2 Bf6 13.
Qd2 d4 14. Bxc6+ bxc6 15. Bxd4 Qd5 16. O-O-O $14 {Speelman,J-Sax,G Hastings
1990 51/45 CBM/22}) 10. g3 Be7 11. Bg2 Be6 12. O-O $1 O-O 13. Rc1 Rc8 14. Rc2
$1 Na5 15. Nxa5 Qxa5 16. Qd2 b6 17. Bd4 Rc4 18. Qd3 Rd8 19. Rfc1 b5 20. e3 g6
21. Qd1 Bf5 22. Rd2 Ne4 23. Nxe4 Bxe4 24. Rxc4 bxc4 25. Bc3 Qb6 26. Bxe4 dxe4
27. Rxd8+ Qxd8 28. Qa4 Qd5 29. Kg2 Qf5 30. Qxc4 Qf3+ 31. Kg1 Qd1+ 32. Qf1 Qc2
33. Kg2 Qb3 34. Qc1 a6 35. Qd2 Qe6 36. Qd4 f6 37. b4 h5 38. h3 Qc6 39. Qa7 Kf7
40. Bd4 Ke6 41. Qb8 Kf7 42. Qh8 Qe8 43. Qh6 Ke6 44. g4 hxg4 45. hxg4 Kd5 46.
Qg7 Ke6 47. g5 fxg5 48. Qe5+ Kf7 49. Qd5+ Kf8 50. Qxe4 Qc8 51. Kf3 Kf7 52. Qd5+
Kf8 53. Bc5 Qh3+ 54. Ke2 Bxc5 55. Qxc5+ Kg7 56. Qxg5 Qe6 57. Kf3 Qb3 58. Qe7+
Kh6 59. Qh4+ Kg7 60. Qd4+ Kh6 61. Kg3 Qg8 62. f4 Qc8 63. a4 Kh7 64. Qa7+ Kh6
65. Qc5 Qb7 66. b5 axb5 67. axb5 Qh1 68. Qf8+ Kh7 69. Qe7+ Kg8 70. Qd8+ Kf7 71.
Qc7+ Kg8 72. Qc6 Qg1+ 73. Kf3 Qf1+ 74. Ke4 Qb1+ 75. Ke5 Qb2+ 76. Kd6 Kh7 77.
Kc7 Kh6 78. b6 Qg7+ 79. Kb8 Qf8+ 80. Qc8 Qf6 81. Qc7 Qf8+ 82. Kb7 Qe8 83. Qe5
Qd7+ 84. Kb8 Qd8+ 85. Ka7 Qd7+ 86. b7 g5 87. Qxg5+ Kh7 88. Qh5+ Kg8 89. Qg6+
Kf8 90. Qf6+ Kg8 91. Qd4 Qf7 92. e4 Kh7 93. Qd5 Qc7 94. Ka8 1-0

[Event "Moscow Alekhine op"]
[Site "Moscow"]
[Date "1992.??.??"]
[Round "?"]
[White "Panchenko, Alexander N"]
[Black "Lerner, Konstantin Z"]
[Result "0-1"]
[WhiteElo "2465"]
[BlackElo "2530"]
[Annotator "Ribli,Z"]
[PlyCount "96"]
[EventDate "1992.10.??"]
[EventType "swiss"]
[EventRounds "9"]
[EventCountry "RUS"]
[SourceTitle "CBM 033"]
[Source "ChessBase"]
[SourceDate "1993.04.01"]
[SourceVersion "1"]
[SourceVersionDate "1993.04.01"]
[SourceQuality "1"]

1. Nf3 c5 2. c4 Nc6 3. Nc3 Nf6 4. g3 g6 5. Bg2 d6 6. O-O Bg7 7. d4 cxd4 8. Nxd4
Bd7 9. b3 (9. Nxc6 Bxc6 10. e4 Nd7 $13) (9. Nc2 $5) 9... h5 $1 (9... O-O 10.
Bb2 Qa5 11. e3 Rab8 12. Qe2 Rfc8 13. Rfd1 $6 (13. Rfc1 $5 a6 14. a3 Qb6 15. b4
Ne5 16. Nd1 a5 17. b5 g5 18. a4 Ng6 19. e4 g4 20. Ne3 e6 21. Nb3 Qc7 22. c5 $1
$16 {Ribli,Z-Panzer,P Bundesliga 1992/93}) 13... a6 14. a3 Qb6 15. Na4 Qc7 16.
Nxc6 Bxc6 17. Nc3 $10 {Lerner,K-Gulko,B Helsinki op 1992 CBM/32}) 10. h4 $6 (
10. Bb2 h4 11. e3 $13) 10... O-O 11. Bb2 Qa5 12. Rc1 $6 (12. e3 Rfc8 13. Qe2
Rab8 14. Rfc1 a6 $13) 12... Rfc8 13. e3 Rab8 14. Qe2 a6 15. a3 (15. Rfd1 $5)
15... Qb6 16. Na4 Qd8 17. Nc3 Na5 18. Qd1 Qb6 $1 19. Ba1 e5 $1 20. Nf3 Qxb3 $17
21. Qxd6 Nxc4 22. Qe7 Re8 (22... Qxa3 23. Qxa3 Nxa3 24. Nxe5 Be6 $17) 23. Qb4
Qxb4 24. axb4 Bc6 25. Rfd1 b5 26. Ng5 Bxg2 27. Kxg2 Red8 28. Nge4 Ng4 {/\
Sgxe3+} 29. Kf3 Bf8 30. Nd5 f5 31. Nc5 Rd6 32. Ke2 e4 33. Bc3 Rc8 34. Ra1 Rcc6
35. Nb7 Rd7 36. Nc5 Bxc5 37. bxc5 Rxc5 $19 38. Ne7+ Rxe7 39. Bb4 Rcc7 40. Bxe7
Rxe7 41. Rxa6 Kf7 42. Rd8 Rb7 43. Rc8 Nge5 44. Raa8 Nd6 45. Rc5 Ke6 46. Ra6 b4
47. Kd1 b3 48. Kc1 Nd3+ 0-1

[Event "Tilburg"]
[Site "Tilburg"]
[Date "1990.09.24"]
[Round "14"]
[White "Andersson, Ulf"]
[Black "Gelfand, Boris"]
[Result "0-1"]
[WhiteElo "2630"]
[BlackElo "2680"]
[Annotator "Ribli,Z"]
[PlyCount "72"]
[EventDate "1990.09.??"]
[EventType "tourn"]
[EventRounds "14"]
[EventCountry "NED"]
[EventCategory "16"]
[SourceTitle "CBM 020"]
[Source "ChessBase"]
[SourceDate "1991.02.01"]
[SourceVersion "1"]
[SourceVersionDate "1991.02.01"]
[SourceQuality "1"]

1. Nf3 Nf6 2. d4 c5 3. c4 cxd4 4. Nxd4 e5 5. Nc2 (5. Nb3 d5 6. cxd5 Qxd5 7. Nc3
Qxd1+ 8. Kxd1 Nc6 {Cifuentes-Morovic Santiago 1989 CBM/12}) 5... d5 6. cxd5
Qxd5 7. Qxd5 Nxd5 8. g3 (8. e4 $5) 8... Nc6 9. Bg2 Be6 10. O-O O-O-O 11. Bd2
Kb8 12. Nc3 Ndb4 13. Nxb4 Bxb4 14. Bg5 f6 15. Bxc6 fxg5 16. Bg2 Rd2 17. a3 Bxc3
18. bxc3 Bf5 (18... Rxe2 19. Rfe1 Rxe1+ 20. Rxe1 Rd8 21. h3) 19. e4 Be6 20. f4
gxf4 21. gxf4 exf4 22. Rxf4 Rc8 23. Rf3 Rc2 24. Rg3 g6 25. Rd1 R2xc3 26. Rxc3
Rxc3 27. Rd6 Bc8 28. e5 Re3 29. Rd5 Rxa3 30. Kf2 a5 31. Bf3 a4 32. Rd8 Kc7 33.
Rh8 h5 34. Bd5 Rd3 35. Rh7+ Kb6 36. Bf7 a3 {Zeit} 0-1

[Event "Prague Bohemians-A"]
[Site "Prague"]
[Date "1990.??.??"]
[Round "?"]
[White "Keitlinghaus, Ludger"]
[Black "Mainka, Romuald"]
[Result "1/2-1/2"]
[WhiteElo "2415"]
[BlackElo "2445"]
[Annotator "Ribli,Z"]
[PlyCount "120"]
[EventDate "1990.01.??"]
[EventType "tourn"]
[EventRounds "13"]
[EventCountry "CZE"]
[EventCategory "8"]
[SourceTitle "CBM 017"]
[Source "ChessBase"]
[SourceDate "1990.08.01"]
[SourceVersion "1"]
[SourceVersionDate "1990.08.01"]
[SourceQuality "1"]

1. Nf3 c5 2. c4 Nc6 3. d4 cxd4 4. Nxd4 Nf6 5. Nc3 Qb6 6. e3 g6 7. Be2 Bg7 8.
O-O O-O 9. b3 {9.Nc2! Timman,J-Van der Wiel,J Amsterdam 1988 i 45/38} Rd8 10.
Bb2 d5 11. Na4 Qc7 12. cxd5 Rxd5 {12...Nxd5 13.Rc1} 13. Bf3 Rd8 14. Qc2 Bd7 15.
Nxc6 Bxc6 16. Bxc6 Ng4 17. g3 Qxc6 18. Qxc6 bxc6 19. Rfd1 Rd6 20. Bxg7 Kxg7 21.
Rxd6 exd6 22. Rd1 d5 23. Rc1 Rc8 {+/=} 24. h3 Nf6 25. Kf1 Kf8 26. Rc5 Ke7 27.
Ra5 Rc7 28. Nc5 Kd6 29. Ke2 Re7 30. Kd3 Nd7 31. Nxd7 Rxd7 32. b4 f5 33. Ra6 Rb7
34. a3 g5 35. f4 gxf4 36. gxf4 Re7 37. b5 Kc5 38. Rxc6+ Kxb5 39. Rf6 Kc5 40.
Rxf5 Re4 41. Rf7 Ra4 42. Rc7+ Kd6 43. Rc3 {43.Rxh7!?} h5 44. Ke2 Ra6 45. Kf3
Ke6 46. Rd3 Ra5 47. Kg3 Kf5 48. Rd4 Rc5 49. Kf3 Ke6 50. Rb4 Kf5 51. a4 Rc3 52.
Rd4 {53.Rb5!?} Ke6 53. f5+ $2 Ke5 54. Ke2 Rc6 55. Kd3 Rf6 56. Rf4 Rxf5 57.
Rxf5+ Kxf5 58. Kd4 Ke6 59. a5 Kd6 60. h4 a6 1/2-1/2

[Event "Beersheba"]
[Site "Beersheba"]
[Date "1990.??.??"]
[Round "5"]
[White "Ftacnik, Lubomir"]
[Black "Greenfeld, Alon"]
[Result "1/2-1/2"]
[WhiteElo "2560"]
[BlackElo "2530"]
[Annotator "Ribli,Z"]
[PlyCount "34"]
[EventDate "1990.03.??"]
[EventType "tourn"]
[EventRounds "9"]
[EventCountry "ISR"]
[EventCategory "13"]
[SourceTitle "CBM 017"]
[Source "ChessBase"]
[SourceDate "1990.08.01"]
[SourceVersion "1"]
[SourceVersionDate "1990.08.01"]
[SourceQuality "1"]

1. c4 c5 2. Nf3 Nf6 3. Nc3 Nc6 4. d4 cxd4 5. Nxd4 Qb6 $5 6. e3 e6 7. Be2 d5 8.
O-O Be7 9. b3 (9. cxd5 Nxd5 10. Na4 Qc7 11. e4 Nxd4 12. Qxd4 Bf6 13. Bb5+ Bd7
14. Qc5 b6 15. Bxd7+ Qxd7 16. Qa3 Nc7 17. Bf4 Nb5 18. Qg3 O-O 19. Rad1 Nd4 20.
Nc3 Qc6 21. Be5 {1/2-1/2 Kortschnoj,V-Sax,G/ Brussels 1985 (21)}) 9... O-O 10.
Nxc6 bxc6 11. Bb2 Ba6 12. Qc2 Rac8 13. e4 Rfd8 14. Rad1 dxc4 15. bxc4 e5 $1 16.
Na4 Qa5 17. a3 Rb8 1/2-1/2